000 00474nam a22001337a 4500
008 140822b xxu||||| |||| 00| 0 eng d
020 _a040609070
050 _aKD275.2.L39(1866-75 vol.1-2)
245 _aThe Law Reports(1866-75 vol.1-2): Scotch and Divorce Appeal Cases before the House of Lords. /
260 _aLondon:
_bButterworth & Co. Ltd,
_c1869.
300 _avi, 548p.
_c24cm.
440 _pScotch and divorce appeal cases 1866 to 1875
_vVol. 1 & 2
942 _2lcc
_cBK
999 _c3690
_d11190